Catálogo
 En Linea

La prensa deportiva de América Latina y el Caribe : (Registro nro. 38778)

Detalles MARC
000 -CABECERA
campo de control de longitud fija 00993nam a2200265 a 4500
001 - NÚMERO DE CONTROL
campo de control 000039288
005 - FECHA Y HORA DE LA ÚLTIMA TRANSACCIÓN
campo de control 20240301073829.0
008 - DATOS DE LONGITUD FIJA--INFORMACIÓN GENERAL
campo de control de longitud fija 130621s2012 dr ac 001 0 spa d
020 ## - NÚMERO INTERNACIONAL ESTÁNDAR DEL LIBRO
Número Internacional Estándar del Libro 9789945165258
040 ## - FUENTE DE LA CATALOGACIÓN
Centro catalogador/agencia de origen DO-SdBNP
Lengua de catalogación spa
Centro/agencia transcriptor BNPHU
082 ## - NÚMERO DE LA CLASIFICACIÓN DECIMAL DEWEY
Número de clasificación 790.0980
Número de documento/Ítem N714p
100 1# - ENTRADA PRINCIPAL--NOMBRE DE PERSONA
Nombre de persona Nina Gómez, Carlos
9 (RLIN) 6492
245 13 - MENCIÓN DE TÍTULO
Título La prensa deportiva de América Latina y el Caribe :
Resto del título ¿avanza o retrocede? /
Mención de responsabilidad, etc. Carlos Nina Gómez ; prólogo Tony Raful.
260 ## - PUBLICACIÓN, DISTRIBUCIÓN, ETC.
Lugar de publicación, distribución, etc. Santo Domingo :
Nombre del editor, distribuidor, etc. Búho,
Fecha de publicación, distribución, etc. 2012.
300 ## - DESCRIPCIÓN FÍSICA
Extensión 265 p. :
Otras características físicas il., retrs. ;
Dimensiones 23 cm.
500 ## - NOTA GENERAL
Nota general Incluye datos biográficos del autor en la solapa de la cubierta.
504 ## - NOTA DE BIBLIOGRAFÍA, ETC.
Nota de bibliografía, etc. Bibliografía : p. 265
590 ## - NOTA LOCAL (RLIN)
Nota local Inventariado, 2018/LP
650 #4 - PUNTO DE ACCESO ADICIONAL DE MATERIA--TÉRMINO DE MATERIA
Término de materia o nombre geográfico como elemento de entrada Deportes
Subdivisión general Ensayos, conferencias, etc.
9 (RLIN) 18280
650 #4 - PUNTO DE ACCESO ADICIONAL DE MATERIA--TÉRMINO DE MATERIA
Término de materia o nombre geográfico como elemento de entrada Deportes
Subdivisión general Historia
Subdivisión geográfica America Latina
9 (RLIN) 65482
650 #4 - PUNTO DE ACCESO ADICIONAL DE MATERIA--TÉRMINO DE MATERIA
Término de materia o nombre geográfico como elemento de entrada Periodismo deportivo
9 (RLIN) 6910
650 #4 - PUNTO DE ACCESO ADICIONAL DE MATERIA--TÉRMINO DE MATERIA
Término de materia o nombre geográfico como elemento de entrada Crónica deportiva
9 (RLIN) 6911
700 1# - PUNTO DE ACCESO ADICIONAL--NOMBRE DE PERSONA
Nombre de persona Raful, Tony,
Fechas asociadas al nombre 1951-
Término indicativo de función/relación pról.
9 (RLIN) 1377
910 ## - DATOS DE OPCIÓN DEL USUARIO (OCLC)
Datos de opción del usuario Validado. Control de calidad EMS
Existencias
Estado de retiro Estado de pérdida Restricciones de uso No para préstamo Código de colección Localización permanente Ubicación/localización actual Ubicación en estantería Fecha de adquisición Número de inventario Total de préstamos Signatura topográfica completa Código de barras Fecha visto por última vez Número de copia Precio válido a partir de Tipo de ítem Koha
        Dominicana de Servicio General General Depósito 21.06.2013 LF1   790.0980 N714p 39288-30 25.06.2020 e.3 25.06.2020 Libro y Folleto Colección Dominicana de Servicio
      Excluido de préstamo Patrimonio Dominicano Patrimonio Dominicano Patrimonio Dominicano Depósito 21.06.2013 LF1   790.0980 N714p 39288-10 25.06.2020   25.06.2020 Libro y Folleto Colección Patrimonio Dominicano
  Extraviado   Excluido de préstamo Patrimonio Dominicano Patrimonio Dominicano Patrimonio Dominicano Extraviado 21.06.2013 LF1   790.0980 N714p 39288-20 25.06.2020 e.2 25.06.2020 Libro y Folleto Colección Patrimonio Dominicano

Con tecnología Koha